| 000 | 01709nam a2200421 c 4500 | ||
|---|---|---|---|
| 999 |
_c190278 _d190278 |
||
| 003 | BLK | ||
| 005 | 20250523114635.0 | ||
| 008 | 180411b bul|||||r ||||||| ||bul|| | ||
| 010 | _aKNG00199413000 | ||
| 020 | _a978-619-152-985-8 | ||
| 020 | _a978-619-152-986-5 | ||
| 040 | _aBLK | ||
| 041 |
_aBUL _cBUL |
||
| 072 | 7 |
_2bullib _aН80 _xЕзикознание Н |
|
| 072 | 7 |
_2bullib _aРА _xРусенски автори |
|
| 080 |
_aБългарски език _b811.163.2 _x-3 _z811.163.2-3 |
||
| 100 | 1 |
_aРадева, Василка _eпърви автор _gРангелова, Василка Радева _9366792 |
|
| 139 |
_aРадева, Василка _bР 12 |
||
| 245 | 1 | 0 |
_aБългарска лексикология и лексикография _cВасилка Радева; * Василка Радева Рангелова. |
| 257 | _aBGR | ||
| 260 |
_bИзток-Запад _c2017 |
||
| 300 |
_a432 с. _c25 см |
||
| 380 | _a80 | ||
| 500 | _aПълното име на авт. е Василка Радева Рангелова. - Съдържа и за авт. - Библиогр. с. 392-412. | ||
| 650 | 4 |
_aБългарски език - лексикология и лексикография _9263425 |
|
| 653 | _aбългарски език | ||
| 653 | _aлексикология | ||
| 653 | _aлексикография | ||
| 659 | _aН | ||
| 700 | 1 |
_aРангелова, Василка Радева _e* _9368991 |
|
| 852 | _aЦб 289890 | ||
| 856 | 4 | _qpdf | |
| 856 | 4 | _qpdf | |
| 942 |
_cKNG _n0 _05 |
||
| 944 |
_aCR _c25.01.2017 _lРадостина Карадакова _k30534 |
||
| 944 |
_aED _c21.11.2017 _lф / _kПенка_Димитрова |
||
| 999 | _d190278 | ||